00329nam a2200121Ia 4500008004100000100004400041245002800085260004600113300000900159650001400168942000800182999001700190190216s9999||||xx |||||||||||||| ||und|| aAssociation Of Indian University Author 0aQuestion Bank Economics bAssociation Of Indian Universitiesc1985 a421p aEconomics cREF c35952d35952